[Event "1st of May"]
[Site "SchemingMind.com"]
[Date "2017.07.06"]
[Round "-"]
[White "Jari Laine"]
[Black "rookie31"]
[Result "1-0"]
[WhiteCountry "FIN"]
[BlackCountry "IND"]
[WhiteElo "2418"]
[WhiteRD "79"]
[BlackElo "2251"]
[BlackRD "72"]
[GameID "415837"]

1. e4 e5 2. Nf3 Nc6 3. Bc4 Bc5 4. c3 Nf6 5. d3 O-O 6. Bb3 d5 7. Qe2 dxe4 8. dxe4 Bg4 9. h3 Bh5 10. Nbd2 Qd7
11. Nf1 Rad8 12. Bc2 Qe6 13. g4 Bg6 14. Ng3 Rfe8 15. O-O a6 16. b4 Be7 17. Bb3 Qc8 18. Kg2 h6 19. Nh4 Kh7 20. Nhf5 Bxf5
21. exf5 Kg8 22. h4 Nd5 23. g5 Nxc3 24. Qh5
1-0

[Event "1st of May"]
[Site "SchemingMind.com"]
[Date "2017.07.06"]
[Round "-"]
[White "rookie31"]
[Black "Jari Laine"]
[Result "0-1"]
[WhiteCountry "IND"]
[BlackCountry "FIN"]
[WhiteElo "2251"]
[WhiteRD "72"]
[BlackElo "2418"]
[BlackRD "79"]
[GameID "415838"]

1. d4 f5 2. g3 Nf6 3. Bg2 e6 4. Nf3 d5 5. c4 c6 6. Nc3 Bd6 7. O-O O-O 8. Qb3 Nbd7 9. Bg5 h6 10. Bc1 Rf7
11. Be3 Qe7 12. Rad1 b6 13. Nh4 Nf8 14. Bd2 g5 15. Nf3 Ng6 16. Be3 Ba6 17. Qa4 Bxc4 18. Qxc6 Qd8 19. Rc1 Rc8 20. Qa4 Ne4
21. Qd1 Rfc7 22. a4 f4
0-1

[Event "1st of May"]
[Site "SchemingMind.com"]
[Date "2017.07.05"]
[Round "-"]
[White "Scooter"]
[Black "David Hartley"]
[Result "0-1"]
[WhiteCountry "USA"]
[BlackCountry "ENG"]
[WhiteElo "1732"]
[WhiteRD "51"]
[BlackElo "1880"]
[BlackRD "77"]
[GameID "416012"]

1. d4 Nf6 2. Nf3 d5 3. Bf4 g6 4. e3 Bg7 5. Be2 O-O 6. O-O b6 7. Nbd2 Bb7 8. c4 Nbd7 9. cxd5 Nxd5 10. Bg3 N5f6
11. Rc1 c5 12. dxc5 Nxc5 13. b4 Nce4 14. Rc7 Nxg3 15. Rxb7 Nxf1
0-1

[Event "1st of May"]
[Site "SchemingMind.com"]
[Date "2017.07.12"]
[Round "-"]
[White "Wojciech  Langer"]
[Black "Neutrino"]
[Result "1-0"]
[WhiteCountry "INT"]
[BlackCountry "EGY"]
[WhiteElo "1796"]
[WhiteRD "91"]
[BlackElo "1728"]
[BlackRD "172"]
[GameID "416152"]

1. Nf3 d5 2. g3 Nf6 3. Bg2 c6 4. O-O Bf5 5. d3 e6 6. c4 Be7 7. Re1 O-O 8. Nc3 Nbd7 9. e4 dxe4 10. dxe4 Bg6
11. Nh4 Bh5 12. Qc2 Qa5 13. Bd2 Qc7 14. Nf3 Rfd8 15. Bf4 e5 16. Be3
1-0

[Event "1st of May"]
[Site "SchemingMind.com"]
[Date "2017.07.12"]
[Round "-"]
[White "Neutrino"]
[Black "Wojciech  Langer"]
[Result "0-1"]
[WhiteCountry "EGY"]
[BlackCountry "INT"]
[WhiteElo "1728"]
[WhiteRD "172"]
[BlackElo "1796"]
[BlackRD "91"]
[GameID "416153"]

1. d4 Nf6 2. Nf3 e6 3. c4 Bb4+ 4. Nbd2 b6 5. a3 Bxd2+ 6. Qxd2 d6 7. e3 Nbd7 8. b4 Bb7 9. Be2 O-O 10. Bb2 d5
11. O-O c5 12. bxc5 bxc5 13. Rab1 Rb8 14. Rfd1 Re8 15. h3 Ne4
0-1

[Event "1st of May"]
[Site "SchemingMind.com"]
[Date "2017.07.18"]
[Round "-"]
[White "Kenny Elliott"]
[Black "chesshub"]
[Result "0-1"]
[WhiteCountry "USA"]
[BlackCountry "FRA"]
[WhiteElo "1595"]
[WhiteRD "72"]
[BlackElo "2614"]
[BlackRD "80"]
[GameID "416388"]

1. d4 d5 2. c4 c6 3. Nf3 Nf6 4. Nc3 e6 5. Bg5 h6 6. Bxf6 Qxf6 7. Qb3 Nd7 8. cxd5 exd5 9. g3 Qd6 10. Bg2 Be7
11. O-O Nf6 12. Ne5 O-O 13. e3 Qc7 14. Rac1 Qb6 15. Qxb6 axb6 16. Rfe1 b5 17. Ra1 b4 18. Ne2 Ra7 19. Nf4 Bd6 20. a3 bxa3
21. bxa3 Bf5 22. Ra2 Rfa8 23. Ne2 Rxa3 24. Rxa3 Rxa3 25. h3 Bh7 26. Nf3 Kf8 27. Nf4 Ke7 28. Kf1 b5 29. Nh4 g5 30. Nxd5+ cxd5
31. Nf3 b4 32. Nd2 Bd3+ 33. Kg1 Ne4 34. Nxe4 dxe4 35. f3 Bxg3 36. Rc1 b3 37. fxe4 b2
0-1

[Event "1st of May"]
[Site "SchemingMind.com"]
[Date "2017.07.17"]
[Round "-"]
[White "chesshub"]
[Black "Kenny Elliott"]
[Result "1-0"]
[WhiteCountry "FRA"]
[BlackCountry "USA"]
[WhiteElo "2623"]
[WhiteRD "78"]
[BlackElo "1572"]
[BlackRD "77"]
[GameID "416389"]

1. d4 Nf6 2. c4 g6 3. Nc3 Bg7 4. e4 d6 5. Nf3 O-O 6. Be2 e5 7. O-O Nc6 8. d5 Ne7 9. b4 c6 10. a4 a5
11. bxa5 Qxa5 12. Bd2 Qc7 13. Qb3 Bg4 14. h3 Bxf3 15. Bxf3 Rfb8 16. Be3 c5 17. h4 h5 18. Rfb1 Qd7 19. Bd2 Ng4 20. Ra3 Ra7
21. Qb5 Qc7 22. Qb2 Nf6 23. Nb5 Qd7 24. Nxa7 Nc8 25. Nc6 Ne7 26. Nxb8
1-0

[Event "1st of May"]
[Site "SchemingMind.com"]
[Date "2017.07.26"]
[Round "-"]
[White "Iucounu"]
[Black "Andrea Carra"]
[Result "0-1"]
[WhiteCountry "ENG"]
[BlackCountry "ITA"]
[WhiteElo "1556"]
[WhiteRD "57"]
[BlackElo "2001"]
[BlackRD "109"]
[GameID "416763"]

1. e4 e5 2. f4 Bc5 3. Nf3 d6 4. Bc4 Nf6 5. c3 Nc6 6. d3 O-O 7. Qe2 Re8 8. Be3 Bxe3 9. Qxe3 d5 10. exd5 exf4
0-1

[Event "1st of May"]
[Site "SchemingMind.com"]
[Date "2017.07.26"]
[Round "-"]
[White "Andrea Carra"]
[Black "Iucounu"]
[Result "1-0"]
[WhiteCountry "ITA"]
[BlackCountry "ENG"]
[WhiteElo "2018"]
[WhiteRD "109"]
[BlackElo "1551"]
[BlackRD "59"]
[GameID "416764"]

1. e4 Nf6 2. e5 Nd5 3. d4 d6 4. Nf3 Bg4 5. Be2 e6 6. O-O Be7 7. c4 Nb6 8. h3 Bh5 9. Nc3 dxe5 10. Nxe5 Bxe2
11. Qxe2 O-O 12. Be3 a6 13. Rad1 N8d7 14. b3 Nxe5 15. dxe5 Qe8 16. Qg4 f5 17. exf6 Bxf6 18. Ne4 e5 19. Bxb6 cxb6 20. Rd7 Qg6
21. Qe6+ Kh8 22. Nd6 Rab8 23. Nf7+
1-0

[Event "1st of May"]
[Site "SchemingMind.com"]
[Date "2017.09.01"]
[Round "-"]
[White "Clive Everill"]
[Black "William Lindberg"]
[Result "0-1"]
[WhiteCountry "CZE"]
[BlackCountry "USA"]
[WhiteElo "1756"]
[WhiteRD "61"]
[BlackElo "2414"]
[BlackRD "77"]
[GameID "417930"]

1. Nf3 d5 2. g3 Nf6 3. Bg2 Nc6 4. d4 g6 5. c4 dxc4 6. O-O Bg7 7. e3 Bf5 8. Nc3 Bd3 9. Re1 O-O 10. b3 Re8
11. Bf1 Bxf1 12. Kxf1 e5 13. dxe5 Nd7 14. bxc4 Ndxe5 15. Nxe5 Nxe5 16. Qxd8 Raxd8 17. Bb2 Nxc4 18. Na4 Bxb2 19. Nxb2 Nxb2 20. Reb1 Rd2
21. a4 Re6 22. a5 Rc6 23. Rc1 Rxf2+ 24. Kxf2 Rxc1 25. Ra3 Rc2+ 26. Kf3 Nc4 27. Ra4 c5 28. h4 Kg7 29. Ke4 b5 30. axb6 Nxb6
31. Rxa7 Rc4+ 32. Kf3 Rc3 33. Ke4 Nc4 34. Kd5 Nxe3+ 35. Kc6 c4 36. Re7 Rd3 37. Kb5 c3 38. Rc7 c2
0-1

[Event "1st of May"]
[Site "SchemingMind.com"]
[Date "2017.09.01"]
[Round "-"]
[White "William Lindberg"]
[Black "Clive Everill"]
[Result "1-0"]
[WhiteCountry "USA"]
[BlackCountry "CZE"]
[WhiteElo "2414"]
[WhiteRD "77"]
[BlackElo "1756"]
[BlackRD "61"]
[GameID "417931"]

1. c4 e5 2. Nc3 Nf6 3. Nf3 Nc6 4. e3 g6 5. d4 d6 6. Be2 Bg7 7. O-O O-O 8. d5 Ne7 9. e4 Nd7 10. Be3 b6
11. Ne1 f5 12. f3 f4 13. Bf2 Nf6 14. Nd3 a5 15. Bh4 Ba6 16. Nb5 c6 17. dxc6 Nxc6 18. Rc1 Bxb5 19. cxb5 Nd4 20. Bf2 Nxe2+
21. Qxe2 Nd7 22. Rc6 Nc5 23. Nxc5 dxc5 24. Rd1 Qb8 25. Qc4+ Kh8 26. Bh4 Ra7 27. Qe6 Re8 28. Rxb6 Qa8 29. Qc6 Qxc6 30. bxc6 Rc7
31. Bd8 Rc8 32. c7 Bf8 33. Rb8
1-0

[Event "1st of May"]
[Site "SchemingMind.com"]
[Date "2017.09.06"]
[Round "-"]
[White "David Hartley"]
[Black "Andrea Carra"]
[Result "0-1"]
[WhiteCountry "ENG"]
[BlackCountry "ITA"]
[WhiteElo "1726"]
[WhiteRD "72"]
[BlackElo "2074"]
[BlackRD "109"]
[GameID "418202"]

1. e4 e5 2. Nf3 Nc6 3. d4 exd4 4. Nxd4 Nf6 5. Nxc6 bxc6 6. Bd3 d5 7. O-O dxe4 8. Qe2 Qe7 9. Ba6 Qe5 10. Bxc8 Rxc8
11. Nc3 Bd6 12. g3 O-O 13. Bd2 Rfe8 14. Rfe1 Qf5 15. Qf1 Bc5 16. Be3 Bb6 17. Re2 Rcd8 18. Rd1 Nd5 19. Nxd5 cxd5 20. Qe1 d4
21. Bc1 Kf8 22. b3 d3 23. cxd3 exd3 24. Rxe8+ Rxe8 25. Qf1 Qf3 26. Rxd3 Bxf2+ 27. Qxf2 Qxd3
0-1

[Event "1st of May"]
[Site "SchemingMind.com"]
[Date "2017.09.06"]
[Round "-"]
[White "Andrea Carra"]
[Black "David Hartley"]
[Result "1-0"]
[WhiteCountry "ITA"]
[BlackCountry "ENG"]
[WhiteElo "2074"]
[WhiteRD "109"]
[BlackElo "1726"]
[BlackRD "72"]
[GameID "418203"]

1. e4 e6 2. d4 d5 3. Nc3 Nf6 4. e5 Nfd7 5. f4 c5 6. Nf3 a6 7. Be3 Nc6 8. Qd2 b5 9. dxc5 Nxc5 10. Qf2 Nd7
11. Bd3 Be7 12. O-O-O f6 13. Bd4 Nxd4 14. Nxd4 Qb6 15. Qg3 fxe5 16. fxe5 Kd8 17. Qxg7 Qxd4 18. Qxh8+ Kc7 19. Qxh7 Bg5+ 20. Kb1 Qxe5
21. h4 Bf6 22. Rhe1 Qd6 23. Ne2 Bb7 24. g3 Kb6 25. Nf4 Rh8 26. Rxe6 Qxe6 27. Nxe6 Rxh7 28. Bxh7 Be5 29. g4 Kc6 30. Nd8+
1-0

[Event "1st of May"]
[Site "SchemingMind.com"]
[Date "2017.09.21"]
[Round "-"]
[White "Jari Laine"]
[Black "chesshub"]
[Result "0-1"]
[WhiteCountry "FIN"]
[BlackCountry "FRA"]
[WhiteElo "2442"]
[WhiteRD "89"]
[BlackElo "2661"]
[BlackRD "86"]
[GameID "418679"]

1. c4 Nf6 2. Nc3 e5 3. Nf3 Nc6 4. d4 exd4 5. Nxd4 Bb4 6. Bg5 h6 7. Bh4 Bxc3+ 8. bxc3 O-O 9. e3 Ne5 10. Nb5 d6
11. Be2 Ned7 12. O-O a6 13. Nd4 Qe8 14. Bd3 g5 15. Bg3 Ne4 16. Re1 Ndc5 17. f3 Nxc3 18. Qc2 Nxd3 19. Qxd3 Na4 20. e4 f6
21. Nc2 Nc5 22. Qc3 Qg6 23. Ne3 b6 24. Nd5 Rf7 25. Bf2 Bb7 26. Re2 h5 27. Kh1 Ne6 28. Be3 Re8 29. Rae1 h4 30. h3 Ng7
31. Kh2 Kh7 32. Bf2 Nh5 33. Rc2 Bc8 34. Qd2 Be6 35. Rc3 Bc8 36. Rc2 Be6 37. Rc3 a5 38. Kh1 Rb8 39. Qc1 Rbf8 40. Qd2 Bc8
41. Kg1 Bb7 42. Rc2 Re8 43. Ne3 Bc6 44. Kh2 Ng7 45. Rc3 Bb7 46. Nd5 Ne6 47. Kg1 Rg8 48. Kh1 Ng7 49. Rcc1 Nh5
0-1

[Event "1st of May"]
[Site "SchemingMind.com"]
[Date "2017.09.21"]
[Round "-"]
[White "chesshub"]
[Black "Jari Laine"]
[Result "1-0"]
[WhiteCountry "FRA"]
[BlackCountry "FIN"]
[WhiteElo "2637"]
[WhiteRD "84"]
[BlackElo "2501"]
[BlackRD "87"]
[GameID "418680"]

1. e4 g6 2. d4 Bg7 3. Nc3 c6 4. Nf3 d6 5. Be3 Nf6 6. Qd2 Qa5 7. Be2 Nbd7 8. O-O O-O 9. a4 e5 10. d5 cxd5
11. Nxd5 Qxd2 12. Ne7+ Kh8 13. Nxd2 Nc5 14. f3 Rd8 15. a5 Be6 16. c4 Ng8 17. Nd5 Bh6 18. b4 Bxe3+ 19. Nxe3 Na6 20. Rab1 Rac8
21. Rfd1 Kg7 22. g4 Nf6 23. h4 Nb8 24. Nb3 Nc6 25. b5 Nb8 26. Kf2 h6 27. Nc1 Ne8 28. Nd3 Nd7 29. Rbc1 Nc5 30. Rc3
1-0

[Event "1st of May"]
[Site "SchemingMind.com"]
[Date "2017.10.02"]
[Round "-"]
[White "Robert Bruce"]
[Black "William Lindberg"]
[Result "1/2-1/2"]
[WhiteCountry "SCO"]
[BlackCountry "USA"]
[WhiteElo "2378"]
[WhiteRD "70"]
[BlackElo "2451"]
[BlackRD "71"]
[GameID "419047"]

1. e4 e5 2. Bc4 Nf6 3. d3 c6 4. Nf3 d5 5. Bb3 Bb4+ 6. Bd2 Bxd2+ 7. Qxd2 h5 8. Nc3 d4 9. Ne2 Qe7 10. c3 dxc3
11. Qxc3 Nbd7 12. Rd1 O-O 13. O-O a5 14. Ng3 g6 15. a3 Ne8 16. Ba2 c5 17. Qc1 Kg7 18. Ne2 b5 19. Kh1 Bb7 20. Ng5 Rd8
21. a4 b4 22. f4 Nd6 23. Qe3 Rc8 24. f5 c4 25. Bxc4 gxf5 26. exf5 Nxc4 27. dxc4 Rxc4 28. b3 Rg4 29. Nf3 Nf6 30. h3 Re4
31. Qd2 h4 32. Ng5 Rd8 33. Qxd8 Qxd8 34. Rxd8 Rxe2 35. Nf3 Bxf3 36. gxf3 Nh5 37. Rb1 Kf6 38. Rd7 Re3 39. Rd5 Rxf3 40. Rxa5 Rxh3+
41. Kg1 Rg3+ 42. Kh2 Nf4 43. Rb5 Rh3+ 44. Kg1 Ne2+ 45. Kg2 Rg3+ 46. Kh1 Nd4 47. Rxb4 Kxf5 48. Rf1+ Nf3 49. Rxh4 e4 50. Rh5+ Kf4
51. Rc1 f5 52. Rh8 Rg6 53. a5 e3 54. Rc4+ Kg3 55. Rc2 Nd2 56. Rc1 Re6 57. Rg1+ Kf4 58. Rh4+ Ke5 59. Ra1 Nxb3 60. Ra2 Kd5
61. Rhh2 Nc1 62. Ra1 e2 63. Rxc1 e1=Q+ 64. Rxe1 Rxe1+ 65. Kg2 Ra1 66. Kf3=
1/2-1/2

[Event "1st of May"]
[Site "SchemingMind.com"]
[Date "2017.10.01"]
[Round "-"]
[White "William Lindberg"]
[Black "Robert Bruce"]
[Result "1-0"]
[WhiteCountry "USA"]
[BlackCountry "SCO"]
[WhiteElo "2415"]
[WhiteRD "71"]
[BlackElo "2346"]
[BlackRD "71"]
[GameID "419048"]

1. d4 Nf6 2. c4 c5 3. d5 b5 4. cxb5 a6 5. Nc3 axb5 6. Nxb5 Ba6 7. Nc3 d6 8. e4 Bxf1 9. Kxf1 g6 10. g3 Bg7
11. Kg2 O-O 12. Nf3 Qb6 13. a4 Nbd7 14. Qe2 Qb4 15. Bd2 Nb6 16. Rhc1 Rfe8 17. b3 Nbd7 18. Re1 Qb7 19. Rab1 Qc8 20. Nb5 Qb7
21. Na3 Ra6 22. Nb5 Raa8 23. h3 Reb8 24. Na3 Qa7 25. a5 Rc8 26. Qd3 Rab8 27. Nc4 Qa8 28. Bc3 Qb7 29. Rb2 Nh5 30. Bxg7 Kxg7
31. e5 dxe5 32. Nfxe5 Nxe5 33. Rxe5 Nf6 34. Nb6 Rc7 35. Qc3 Kg8 36. Rbe2 h6 37. R2e3 Re8 38. Kh2 Rb8 39. Qe1 Kf8 40. b4 cxb4
41. Qxb4 Rd8 42. a6 Qa7 43. d6 exd6 44. Rb5 Ng8 45. Rf3 Rc5 46. Rxc5 dxc5 47. Qxc5+ Ne7 48. Re3 Rb8 49. h4 h5 50. Re2 Rd8
51. Kg2 Rd1 52. Rxe7 Qxe7 53. Qxe7+ Kxe7 54. a7 Ra1 55. a8=Q Rxa8 56. Nxa8 Kd8 57. Nb6 Ke7 58. Kf3 Ke8 59. Ke4 Ke7 60. Nd5+ Kd6
61. Nf4 Ke7 62. f3 Kf6 63. Nd5+ Ke6 64. g4 Kd6 65. gxh5 gxh5 66. Nf6 Ke7 67. Kf5 Kd6 68. Nxh5 Ke7 69. Nf6 Kf8 70. h5 Kg7
71. Kg5 Kh8 72. f4 Kg7 73. h6+ Kh8 74. Ng4 Kg8 75. Kf6 Kh8 76. Ne5 Kg8 77. Nxf7 Kh7 78. f5 Kg8 79. Ke7 Kh7 80. Ke8 Kg8
81. Ng5 Kh8 82. f6 Kg8 83. f7+ Kh8 84. f8=Q#
1-0

[Event "1st of May"]
[Site "SchemingMind.com"]
[Date "2017.12.17"]
[Round "-"]
[White "William Lindberg"]
[Black "frankly"]
[Result "0-1"]
[WhiteCountry "USA"]
[BlackCountry "ENG"]
[WhiteElo "2407"]
[WhiteRD "72"]
[BlackElo "2655"]
[BlackRD "61"]
[GameID "422062"]

1. e4 e5 2. Nf3 Nc6 3. Bc4 Nf6 4. Ng5 d5 5. exd5 Na5 6. Bb5+ c6 7. dxc6 bxc6 8. Bd3 Ng4 9. Ne4 f5 10. Be2 h5
11. h3 fxe4 12. hxg4 Bc5 13. b4 O-O 14. bxc5 Qd4 15. O-O Qxa1 16. Nc3 e3 17. gxh5 exf2+ 18. Rxf2 Rxf2 19. Kxf2 Be6 20. Ba3 Rf8+
21. Ke1 Qxd1+ 22. Bxd1 Rb8 23. d3 Nb7 24. g4 Bd7 25. Bc1 Nxc5 26. Ba3 Nb7 27. Ne4 c5 28. c4 Bc6 29. Nxc5 Nxc5 30. Kd2 Ne6
31. Bd6 Rd8 32. Bxe5 Be4 33. Bc2 Bxd3 34. Bxd3 Nc5 35. Kc3 Rxd3+ 36. Kb4 Nd7 37. Bc3 a5+ 38. Kb3 Rg3 39. Kb2 Nb6 40. Kb3 Na4
41. Kxa4 Rxc3 42. Kb5 Ra3 43. c5 Rxa2 44. c6 g6 45. c7 Rc2 46. Kxa5 gxh5 47. gxh5 Rxc7 48. Kb5 Rh7 49. Kc4 Rxh5 50. Kd4 Kf7
51. Ke4 Ke6 52. Kd3 Kd5 53. Ke3 Rh4 54. Kd3 Rh3+ 55. Kd2 Ke4 56. Kc2 Kd4 57. Kd2 Rh2+ 58. Ke1 Ke3 59. Kd1 Re2 60. Kc1 Kd3
61. Kb1 Kc3 62. Ka1 Kb3
0-1

[Event "1st of May"]
[Site "SchemingMind.com"]
[Date "2017.12.18"]
[Round "-"]
[White "frankly"]
[Black "William Lindberg"]
[Result "1-0"]
[WhiteCountry "ENG"]
[BlackCountry "USA"]
[WhiteElo "2668"]
[WhiteRD "64"]
[BlackElo "2414"]
[BlackRD "69"]
[GameID "422063"]

1. d4 d5 2. Nf3 Bf5 3. c4 e6 4. Nc3 Nc6 5. Bf4 Nf6 6. e3 Bb4 7. a3 Bxc3+ 8. bxc3 O-O 9. Bg5 h6 10. Bh4 g5
11. Bg3 dxc4 12. Bxc4 Ne4 13. Bd3 Qd5 14. Rc1 Qa5 15. Bxe4 Bxe4 16. h4 Rac8 17. Nd2 Bg6 18. O-O Qxa3 19. hxg5 hxg5 20. f4 Qe7
21. fxg5 Qxg5 22. Qe1 f5 23. Bf4 Qe7 24. Bh6 Rf7 25. Qg3 Kh8 26. Bg5 Qf8 27. Nf3 Bh7 28. c4 Re8 29. Bf4 Rg7 30. Qh3 Qe7
31. Ne5 Kg8 32. Nxc6 bxc6 33. Ra1 c5 34. Rxa7 cxd4 35. exd4 Rc8 36. Rb1 Bg6 37. Be5 Qg5 38. Bxg7 Kxg7 39. Qc3 f4 40. Rbb7 f3
41. Rxc7+ Rxc7 42. Rxc7+ Kg8 43. Qxf3 Qc1+ 44. Kh2 Qh6+ 45. Kg3 Qg5+ 46. Qg4 Qe3+ 47. Kh2 Qh6+ 48. Kg1 Qc1+ 49. Kf2 Qd2+ 50. Kf3 Qd3+
51. Kf4 Qxd4+ 52. Kg5 Qe5+ 53. Kxg6 Qxc7 54. Qxe6+ Kf8 55. g4 Qh7+ 56. Kg5 Qc7 57. c5 Qxc5+ 58. Kg6 Qc7 59. Qf5+ Kg8 60. Qd5+ Kf8
61. Qf3+ Ke8 62. g5 Qd6+ 63. Kg7 Qe7+ 64. Kh6 Qd6+ 65. g6 Qd2+ 66. Kg7 Qa5 67. Kg8 Qb5 68. Qf7+ Kd8 69. g7 Qe5 70. Qg6 Qd5+
71. Kh8 Qe5 72. Kh7 Qh2+ 73. Qh6 Qc2+ 74. Kh8 Qc3 75. Qd6+ Kc8 76. Qe6+ Kb8 77. Kg8 Qb4 78. Qe8+ Kc7 79. Qf7+ Kb6 80. Qf6+ Kb5
81. Kh8 Qg4 82. g8=Q Qh5+ 83. Kg7 Qg4+ 84. Qg6 Qd4+ 85. Kh6 Qh4+ 86. Qh5+ Qxh5+ 87. Kxh5
1-0

[Event "1st of May"]
[Site "SchemingMind.com"]
[Date "2018.03.07"]
[Round "-"]
[White "chesshub"]
[Black "Andrea Carra"]
[Result "1-0"]
[WhiteCountry "FRA"]
[BlackCountry "ITA"]
[WhiteElo "2635"]
[WhiteRD "87"]
[BlackElo "2110"]
[BlackRD "107"]
[GameID "425346"]

1. e4 e6 2. d4 d5 3. Nc3 Nf6 4. e5 Nfd7 5. f4 c5 6. Nf3 Nc6 7. Be3 a6 8. Be2 b5 9. a3 cxd4 10. Nxd4 Nxd4
11. Bxd4 Bc5 12. b4 Bxd4 13. Qxd4 Qb6 14. Qxb6 Nxb6 15. a4 bxa4 16. Nxa4 Nxa4 17. Rxa4 Ke7 18. Kd2
1-0

[Event "1st of May"]
[Site "SchemingMind.com"]
[Date "2018.03.07"]
[Round "-"]
[White "Andrea Carra"]
[Black "chesshub"]
[Result "0-1"]
[WhiteCountry "ITA"]
[BlackCountry "FRA"]
[WhiteElo "2076"]
[WhiteRD "102"]
[BlackElo "2638"]
[BlackRD "92"]
[GameID "425347"]

1. b4 e5 2. a3 d5 3. Bb2 Bd6 4. e3 Be6 5. Nf3 Nd7 6. d3 c6 7. Nbd2 h6 8. Be2 Ne7 9. O-O O-O 10. c4 Ng6
11. Nb3 f5 12. cxd5 cxd5 13. Rc1 Qe7 14. Qd2 f4 15. Nc5 fxe3 16. fxe3 Nxc5 17. bxc5 Bc7 18. c6 bxc6 19. Rxc6 Rab8 20. Rfc1 Bd6
21. Ra6 d4 22. exd4 e4 23. Rxd6 exf3 24. Rxe6 f2+ 25. Kf1 Qxe6 26. Bf3 Rxf3
0-1

[Event "1st of May"]
[Site "SchemingMind.com"]
[Date "2018.06.09"]
[Round "-"]
[White "frankly"]
[Black "chesshub"]
[Result "1/2-1/2"]
[WhiteCountry "ENG"]
[BlackCountry "FRA"]
[WhiteElo "2595"]
[WhiteRD "69"]
[BlackElo "2622"]
[BlackRD "86"]
[GameID "429147"]

1. d4 d5 2. c4 c6 3. Nf3 Nf6 4. Nc3 e6 5. Bg5 h6 6. Bh4 Be7 7. e3 Nbd7 8. Bd3 dxc4 9. Bxc4 b5 10. Bd3 a6
11. O-O Bb7 12. Qc2 Rc8 13. Rfd1 c5 14. Bxf6 Bxf6 15. Be4 Qc7 16. Bxb7 Qxb7 17. d5 exd5 18. Nxd5 O-O 19. Qf5 Bd8 20. Ne5 Nxe5
21. Qxe5 Qc6 22. a4 Qe6 23. Qf4 Be7 24. g3 Rfd8 25. Qf3 Rb8 26. axb5 axb5 27. Rd2 Bf8 28. Rad1 Rdc8 29. e4 c4 30. Kg2 Rc6
31. Re2 Rbc8 32. Rc2 Qe5 33. Re1 Rd6 34. Ree2 Re6 35. Qg4 h5 36. Qf3 b4 37. h4 b3 38. Rcd2 g6 39. Kh2 Bh6 40. Rd1 Rd6
41. Qg2 Kh8 42. Ra1 Qe6 43. f4 Rcd8 44. Ra4 Qc8 45. Ra5 Ra6 46. Rb5 Bf8 47. f5 Qc6 48. Nc3 Ra1 49. Qf2 Bg7 50. Rd5 Re8
51. Rc5 Qa6 52. Nd5 Be5 53. Kg2 Qd6 54. Qe3 Kg7 55. fxg6 Re6 56. Rf2 Rxg6 57. Rc7 Qxc7 58. Nxc7 c3 59. Ne8+ Kh8 60. bxc3 Bxg3
61. Kf3 Be5 62. Rg2 Rf1+ 63. Ke2 Rxg2+ 64. Kxf1 b2 65. Qh6+ Kg8 66. Kxg2 b1=Q 67. Nf6+ Bxf6 68. Qxf6 Qxe4+ 69. Kf2 Qd3 70. Qg5+ Kf8
71. Qc5+ Kg8=
1/2-1/2

[Event "1st of May"]
[Site "SchemingMind.com"]
[Date "2018.06.09"]
[Round "-"]
[White "chesshub"]
[Black "frankly"]
[Result "1/2-1/2"]
[WhiteCountry "FRA"]
[BlackCountry "ENG"]
[WhiteElo "2629"]
[WhiteRD "91"]
[BlackElo "2583"]
[BlackRD "67"]
[GameID "429148"]

1. c4 e5 2. e3 Nf6 3. Nc3 Nc6 4. Nf3 Bb4 5. Qb3 a5 6. Be2 O-O 7. O-O Re8 8. d3 Bxc3 9. Qxc3 d5 10. cxd5 Nxd5
11. Qc5 Ncb4 12. a3 b6 13. Qc4 Ba6 14. Qb3 a4 15. Qd1 Nxd3 16. Bxd3 Bxd3 17. Qxd3 e4 18. Qe2 exf3 19. Qxf3 Qd6 20. e4 Nf6
21. Bf4 Qe6 22. Bxc7 Nxe4 23. Bf4 h6 24. Rae1 Rad8 25. h3 b5 26. Rd1 Rxd1 27. Qxd1 Qf6 28. Bc1 Qf5 29. Be3 Nc5 30. g4 Qe5
31. Qc2 Ne4 32. Rd1 Nd6 33. Bd4 Qe2 34. Qxe2 Rxe2 35. Kf1 Rc2 36. Re1 b4 37. Re5 bxa3 38. bxa3 Ra2 39. Bc5 Nc4 40. Re8+ Kh7
41. Ra8 Nd2+ 42. Kg2 Ne4 43. Be3 Rxa3 44. Ra7 f6 45. h4 Ra2 46. Kf3 Nc3 47. Bc5 Kg8 48. h5 Rd2 49. Ra8+ Kh7 50. Ke3 Rb2
51. f3 Rb3 52. Kf2 Rb7 53. Bd4 Rb2+ 54. Ke3 Rb3 55. Bxc3 Rxc3+ 56. Kf4 a3 57. Ra7 Rb3=
1/2-1/2